Jumbuk Ltd v West Midlands Passenger Transport Executive (Record no. 80770)
[ view plain ]
| 000 -LEADER | |
|---|---|
| fixed length control field | 02276cad a22002655a 4500 |
| 001 - CONTROL NUMBER | |
| control field | L145302 |
| 008 - FIXED-LENGTH DATA ELEMENTS--GENERAL INFORMATION | |
| fixed length control field | 080924e20080204xxk f v 000 0 eng d |
| 035 ## - SYSTEM CONTROL NUMBER | |
| System control number | (Sirsi) u145302 |
| 041 0# - LANGUAGE CODE | |
| Language code of text/sound track or separate title | eng |
| 245 00 - TITLE STATEMENT | |
| Title | Jumbuk Ltd v West Midlands Passenger Transport Executive |
| Medium | [electronic resource] |
| 260 ## - PUBLICATION, DISTRIBUTION, ETC. | |
| Date of publication, distribution, etc. | 2008 |
| 520 ## - SUMMARY, ETC. | |
| Summary, etc. | [2008] EWLands CON_19_2007, 4 February 2008. The Lands Tribunnal had to determine to compensation payable to the claimant company (J) whose property had been compulsorily acquired by the respondent authority (W). A company associated with J had acquired the property on a speculative basis, and had obtained planning permission for a mixed retail and commercial development, shortly before the authority announced its intention to build a tramway through the property. The tramway project fell through and planning permission expired. The property was then transferred to J and leased to a third party to use as a car park. The tramway project was then revived and the authority made a compulsory purchase. An issue arose as to whether it was appropriate to value the property by means of residual appraisal as argued by W; or by assuming that planning permission could have been expected, as argued by J. Held: compensation assessed. The Tribunal accepted that it was appropriate to assume the existence of a grant of planning permission, Spirerose Ltd v Transport for London applied. Accordingly, the property was valued at the price that a prospective purchaser would have been prepared to pay for the property at the valuation date. |
| 590 ## - LOCAL NOTE (RLIN) | |
| Local note | KA |
| 650 24 - SUBJECT ADDED ENTRY--TOPICAL TERM | |
| Topical term or geographic name entry element | JUMBUK LTD V WEST MIDLANDS PASSENGER TRANSPORT COMMITTEE |
| 650 24 - SUBJECT ADDED ENTRY--TOPICAL TERM | |
| Topical term or geographic name entry element | SPIREROSE LTD V TRANSPORT FOR LONDON |
| 650 24 - SUBJECT ADDED ENTRY--TOPICAL TERM | |
| Topical term or geographic name entry element | POINTE GOURDE QUARRYING AND TRANSPORT CO LTD V CROWN LANDS SUPERINTENDENT |
| 650 24 - SUBJECT ADDED ENTRY--TOPICAL TERM | |
| Topical term or geographic name entry element | WATERS V WELSH DEVELOPMENT AGENCY |
| 650 24 - SUBJECT ADDED ENTRY--TOPICAL TERM | |
| Topical term or geographic name entry element | IRC V CLAY |
| 650 24 - SUBJECT ADDED ENTRY--TOPICAL TERM | |
| Topical term or geographic name entry element | SNOOK & ORS V SOMERSET COUNTY COUNCIL |
| 651 #4 - SUBJECT ADDED ENTRY--GEOGRAPHIC NAME | |
| Geographic name | England and Wales |
| Chronological subdivision | 1543- |
| 690 ## - LOCAL SUBJECT ADDED ENTRY--TOPICAL TERM (OCLC, RLIN) | |
| Topical term or geographic name as entry element | ENVIRONMENTAL AND LAND CONSULTANCY-PLANNING AND DEVELOPMENT-COMPULSORY PURCHASE AND COMPENSATION |
| 690 ## - LOCAL SUBJECT ADDED ENTRY--TOPICAL TERM (OCLC, RLIN) | |
| Topical term or geographic name as entry element | PROPERTY-PROPERTY APPRAISAL AND VALUATION |
| 856 40 - ELECTRONIC LOCATION AND ACCESS | |
| Uniform Resource Identifier | <a href="https://www.bailii.org/ew/cases/EWLands/2008/CON_19_2007.html ">https://www.bailii.org/ew/cases/EWLands/2008/CON_19_2007.html </a> |
| Public note | View the case free of charge at www.bailii.org... |
| 942 ## - ADDED ENTRY ELEMENTS (KOHA) | |
| Suppress in OPAC | 0 |
| Withdrawn status | Lost status | Source of classification or shelving scheme | Damaged status | Not for loan | Home library | Current library | Shelving location | Date acquired | Total Checkouts | Full call number | Barcode | Date last seen | Copy number | Price effective from | Koha item type |
|---|---|---|---|---|---|---|---|---|---|---|---|---|---|---|---|
| Dewey Decimal Classification | Virtual | Virtual | Online | 24/09/2008 | ONLINE PUBLICATION | 145302-1001 | 06/08/2019 | 1 | 06/08/2019 | Law report |